[Event "27th Czech Open A 2016"]
[Site "Pardubice CZE"]
[Date "2016.07.25"]
[Round "4.64"]
[White "Bryzgalin, Kirill"]
[Black "Fuchs, Florian"]
[Result "1/2-1/2"]
[WhiteTitle "GM"]
[WhiteElo "2442"]
[BlackElo "2274"]
[WhiteFideId "4133285"]
[BlackFideId "24651737"]
[EventDate "2016.07.22"]

1. e4 c5 2. Nf3 Nc6 3. Bb5 g6 4. O-O Bg7 5. c3 Nf6 6. Re1 O-O 7. h3 d5 8. e5 Ne8
9. d4 Qb6 10. Bxc6 bxc6 11. dxc5 Qxc5 12. Be3 Qa5 13. Nbd2 Qd8 14. Qa4 Bd7 15.
Qh4 Nc7 16. Nb3 f6 17. exf6 exf6 18. Nc5 Ne6 19. Nxe6 Bxe6 20. Bxa7 Rxa7 21.
Rxe6 Qd7 22. Re2 c5 23. Rd2 Qc6 24. a3 Ra4 25. Qg3 Bh6 26. Re2 Bf4 27. Qh4 Qb5
28. Rae1 Bg5 29. Qg3 Bf4 30. Qh4 Bg5 1/2-1/2

[Event "27th Czech Open A 2016"]
[Site "Pardubice CZE"]
[Date "2016.07.25"]
[Round "4.65"]
[White "Kanovsky, David"]
[Black "Paszewski, Mateusz"]
[Result "1-0"]
[WhiteTitle "IM"]
[WhiteElo "2430"]
[BlackElo "2270"]
[WhiteFideId "316210"]
[BlackFideId "1141058"]
[EventDate "2016.07.22"]

1. Nf3 d5 2. c4 c6 3. b3 Nf6 4. Bb2 Bf5 5. g3 e6 6. Bg2 Bd6 7. O-O O-O 8. d3 h6
9. Nc3 Bh7 10. Rc1 Qe7 11. Re1 Rd8 12. cxd5 exd5 13. Nd4 Na6 14. Qc2 Bc5 15. Na4
Ba3 16. Bh3 Bxb2 17. Qxb2 Ne8 18. a3 Nd6 19. b4 Nc7 20. Nc5 Qe5 21. a4 a6 22.
Qc3 Re8 23. e3 Qe7 24. e4 dxe4 25. dxe4 f6 26. f4 Rab8 27. e5 fxe5 28. fxe5 Nf7
29. e6 Nd6 30. Rcd1 Nd5 31. Qb3 Ra8 32. Bg2 Nc7 33. Nxb7 Nxb7 34. Nxc6 Qg5 35.
Rd7 Rac8 36. Na7 Ra8 37. Rxc7 Rxa7 38. Rxb7 Rxb7 39. Bxb7 1-0

[Event "27th Czech Open A 2016"]
[Site "Pardubice CZE"]
[Date "2016.07.25"]
[Round "4.66"]
[White "Kraus, Tomas"]
[Black "Ivanenko, Olga I."]
[Result "1-0"]
[WhiteTitle "FM"]
[BlackTitle "WFM"]
[WhiteElo "2426"]
[BlackElo "2265"]
[WhiteFideId "331708"]
[BlackFideId "14121093"]
[EventDate "2016.07.22"]

1. d4 Nf6 2. c4 g6 3. g3 Bg7 4. Bg2 d5 5. cxd5 Nxd5 6. e4 Nb6 7. Ne2 c5 8. d5
O-O 9. O-O e6 10. Nec3 exd5 11. exd5 Na6 12. Nd2 Bf5 13. Nde4 Qd7 14. Bg5 f6 15.
Be3 Rac8 16. Qb3 Rfe8 17. a4 c4 18. Qa3 Kh8 19. Rfd1 Bxe4 20. Nxe4 c3 21. Bxb6
c2 22. Rdc1 axb6 23. Qb3 f5 24. Nc3 Nc5 25. Qxc2 Ne4 26. Qd3 Rc5 27. Nxe4 fxe4
28. Bxe4 Bxb2 29. Rxc5 bxc5 30. Ra2 Bd4 31. Kg2 b6 32. h4 Re5 33. Qf3 Kg7 34. a5
bxa5 35. Rxa5 Re7 36. Ra2 Qd6 37. Re2 Qf6 38. Qd3 Rf7 39. Qc2 Rb7 40. Qc1 Rf7
41. Qe1 Re7 42. Qb1 Rf7 43. Qa2 Re7 44. Qb1 Rf7 45. f3 Qd6 46. Qc1 Ra7 47. Qg5
Ra1 48. f4 Qf6 49. Qg4 Ra7 50. h5 Re7 51. hxg6 hxg6 52. Kf3 Bg1 53. Bxg6 Rxe2
54. Bd3+ Kf8 55. Bxe2 Qd4 56. Qf5+ Kg8 57. Kg4 Bf2 58. Qe5 Kf7 59. Qxd4 cxd4 60.
Kf3 Be1 61. g4 Kf6 62. Ke4 Bd2 63. g5+ Kg6 64. Ke5 Kf7 65. d6 Be3 66. Bc4+ Ke8
67. g6 1-0

[Event "27th Czech Open A 2016"]
[Site "Pardubice CZE"]
[Date "2016.07.25"]
[Round "4.67"]
[White "Nasuta, Grzegorz"]
[Black "Tokranovs, Dmitrijs"]
[Result "1-0"]
[WhiteTitle "IM"]
[WhiteElo "2417"]
[BlackElo "2257"]
[WhiteFideId "1141686"]
[BlackFideId "11603011"]
[EventDate "2016.07.22"]

1. e4 e5 2. Nf3 Nf6 3. Nxe5 d6 4. Nf3 Nxe4 5. d4 d5 6. Bd3 Bd6 7. O-O O-O 8. c4
c6 9. Qc2 Nf6 10. c5 Bc7 11. Bg5 h6 12. Bh4 Re8 13. Nbd2 Be6 14. Ne5 g5 15. Bg3
Nh5 16. f4 gxf4 17. Bxf4 Nxf4 18. Rxf4 Nd7 19. Bh7+ Kh8 20. Nxf7+ Bxf7 21. Rxf7
Bxh2+ 22. Kxh2 Qh4+ 23. Kg1 Qxd4+ 24. Rf2 Re2 25. Rf1 Nxc5 26. Bf5 Rae8 27. Nf3
Rxf2 28. Nxd4 Rxc2 29. Bxc2 Re7 30. Kf2 Rf7+ 31. Ke2 Re7+ 32. Kf2 Rf7+ 33. Kg1
Re7 34. a3 Nd7 35. Nf5 Re2 36. Rf2 Re1+ 37. Rf1 Re2 38. Rf2 Re1+ 39. Kh2 Ne5 40.
Nxh6 d4 41. Bf5 d3 42. Ng4 Re2 43. Kg3 d2 44. Bc2 Rxf2 45. Nxf2 Nc4 46. Nd1 Kg7
47. Kf2 Kf6 48. Bd3 Na5 49. Ke3 Nb3 50. Bc2 1-0

[Event "27th Czech Open A 2016"]
[Site "Pardubice CZE"]
[Date "2016.07.25"]
[Round "4.68"]
[White "Padmini, Rout"]
[Black "Jedlicka, Ales"]
[Result "1-0"]
[WhiteTitle "IM"]
[BlackTitle "FM"]
[WhiteElo "2415"]
[BlackElo "2239"]
[WhiteFideId "5029295"]
[BlackFideId "304824"]
[EventDate "2016.07.22"]

1. e4 c5 2. Nf3 Nc6 3. d4 cxd4 4. Nxd4 e5 5. Nb5 d6 6. c4 Nf6 7. N5c3 Be7 8. Be2
O-O 9. Be3 Be6 10. Nd2 Rc8 11. Rc1 Nd7 12. O-O Nc5 13. a3 a5 14. Rb1 Nd4 15. b4
axb4 16. axb4 Nxe2+ 17. Qxe2 Nd7 18. Nd5 f5 19. exf5 Bxf5 20. Ra1 Bg5 21. Ra7
Rb8 22. Bxg5 Qxg5 23. Ne4 Bxe4 24. Qxe4 Kh8 25. h3 g6 26. Rd1 Qf5 27. Qxf5 gxf5
28. Nc3 Nb6 29. c5 dxc5 30. bxc5 Nc8 31. Ra2 Ne7 32. Rd7 Nc6 33. Rb2 Rfd8 34.
Rbxb7 Rxb7 35. Rxb7 Rd3 36. Nb5 Rd1+ 37. Kh2 Rb1 38. Rb6 Ne7 39. Nd6 Rc1 40. Rb7
Nd5 41. Nxf5 Kg8 42. Rd7 Nf6 43. Nh6+ Kh8 44. Re7 Ne4 45. Rxe5 Nxf2 46. Kg3 Rc2
47. Rf5 Ne4+ 48. Kf3 Rc4 49. Re5 Nxc5 50. Rg5 Rc3+ 51. Ke2 Rc2+ 52. Kd1 Rd2+ 53.
Ke1 1-0

[Event "27th Czech Open A 2016"]
[Site "Pardubice CZE"]
[Date "2016.07.25"]
[Round "4.69"]
[White "Jansa, Vlastimil"]
[Black "Johannesson, Oliver"]
[Result "0-1"]
[WhiteTitle "GM"]
[BlackTitle "FM"]
[WhiteElo "2411"]
[BlackElo "2232"]
[WhiteFideId "300128"]
[BlackFideId "2305623"]
[EventDate "2016.07.22"]

1. e4 c5 2. Nf3 e6 3. Nc3 Nc6 4. d4 cxd4 5. Nxd4 Qc7 6. g3 a6 7. Bg2 Nf6 8. O-O
h5 9. Nxc6 dxc6 10. Qe2 e5 11. h3 Be7 12. Be3 Be6 13. f4 exf4 14. gxf4 h4 15. f5
Bd7 16. Bf4 Qb6+ 17. Kh1 Nh5 18. Bh2 Ng3+ 19. Bxg3 hxg3 20. Qd3 Qc7 21. e5 O-O-O
22. Rae1 g6 23. fxg6 Bxh3 24. Bxh3+ Rxh3+ 25. Kg2 Rh2+ 26. Kxg3 Rxd3+ 27. cxd3
Rh8 28. gxf7 Qd7 0-1

[Event "27th Czech Open A 2016"]
[Site "Pardubice CZE"]
[Date "2016.07.25"]
[Round "4.70"]
[White "Strugnell, Carl"]
[Black "Yagupov, Igor"]
[Result "1/2-1/2"]
[WhiteTitle "FM"]
[BlackTitle "GM"]
[WhiteElo "2238"]
[BlackElo "2405"]
[WhiteFideId "616753"]
[BlackFideId "4113632"]
[EventDate "2016.07.22"]

1. e4 c5 2. Nf3 Nc6 3. d4 cxd4 4. Nxd4 e5 5. Nb5 Nf6 6. N1c3 d6 7. Bg5 a6 8. Na3
b5 9. Bxf6 gxf6 10. Nd5 Bg7 11. Bd3 Ne7 12. Nxe7 Qxe7 13. c4 f5 14. O-O O-O 15.
Qf3 d5 16. cxd5 fxe4 17. Bxe4 Rb8 18. Rad1 Rb6 19. Qd3 Qd7 20. Qd2 Bb7 21. Bc2
Rd6 22. Bb3 Rd8 23. Qa5 e4 24. Rd2 Qf5 25. Nc2 Bxb2 26. Nd4 Qe5 27. Rxb2 Qxd4
28. Rd2 Qe5 29. Qc7 R8d7 30. Qb8+ Kg7 31. Rfd1 Re7 32. Qa7 Bxd5 33. Qe3 Bxb3 34.
Rxd6 Bxd1 35. Qh6+ Kg8 36. Rxd1 Rd7 37. Rc1 Rd8 38. g3 f6 39. Qe3 Qd4 40. Qb3+
Kg7 41. Qe6 Qe5 42. Qxe5 fxe5 43. Rc6 e3 44. fxe3 Rd1+ 45. Kf2 Rd2+ 46. Kf3 Rxa2
47. Rb6 Ra4 48. g4 h6 49. h3 Kf7 50. Kg3 Ra3 51. Kf3 Ra4 52. Kg3 1/2-1/2

[Event "27th Czech Open A 2016"]
[Site "Pardubice CZE"]
[Date "2016.07.25"]
[Round "4.71"]
[White "Ivanov, Boris"]
[Black "Karousos-Theodorakis, Nikolaos"]
[Result "0-1"]
[WhiteTitle "IM"]
[WhiteElo "2404"]
[BlackElo "2222"]
[WhiteFideId "4167643"]
[BlackFideId "4275829"]
[EventDate "2016.07.22"]

1. g3 c5 2. Bg2 Nc6 3. b3 Nf6 4. Nh3 g6 5. Bb2 Bg7 6. f3 d5 7. Nf2 h5 8. O-O h4
9. g4 e5 10. h3 Be6 11. e3 Qd6 12. Nc3 O-O-O 13. a3 d4 14. Nce4 Nxe4 15. Nxe4
Qe7 16. Qe2 f5 17. Nf2 a6 18. Rac1 Kb8 19. c4 dxc3 20. Rxc3 e4 21. fxe4 fxg4 22.
d4 cxd4 23. Rxc6 bxc6 24. exd4 g3 25. Nd3 Bxd4+ 26. Bxd4 Rxd4 27. Nb4 Qb7 28.
Nxa6+ Ka7 29. Nc5 Qb6 30. Rc1 Rhd8 31. b4 Rd2 32. Qf3 R8d3 33. Qf1 Rd7 34. Qf6
Rd1+ 35. Rxd1 Rxd1+ 36. Bf1 Bxh3 37. Qe7+ Rd7 38. Qxh4 Bxf1 39. Kxf1 Qb5+ 40.
Ke1 g2 0-1

[Event "27th Czech Open A 2016"]
[Site "Pardubice CZE"]
[Date "2016.07.25"]
[Round "4.72"]
[White "Girish, A. Koushik"]
[Black "Commercon, Simon"]
[Result "1-0"]
[WhiteTitle "IM"]
[WhiteElo "2399"]
[BlackElo "2221"]
[WhiteFideId "5038448"]
[BlackFideId "24620998"]
[EventDate "2016.07.22"]

1. d4 Nf6 2. Bg5 e6 3. Nd2 d5 4. e3 c5 5. c3 Be7 6. Bd3 Nbd7 7. f4 Qb6 8. Rb1
Qa5 9. a3 c4 10. Bc2 Nb6 11. Ngf3 Bd7 12. Ne5 Ba4 13. O-O h6 14. Bh4 Bxc2 15.
Qxc2 Qa4 16. Qc1 Bd6 17. Rf3 Nfd7 18. e4 O-O 19. exd5 exd5 20. Nf1 f6 21. Ng6
Rfe8 22. f5 Nf8 23. Bxf6 Nxg6 24. fxg6 Re6 25. Ne3 Rf8 26. Ng4 Qd7 27. Qxh6 gxf6
28. Qh5 f5 29. Rh3 fxg4 30. Qh8# 1-0

[Event "27th Czech Open A 2016"]
[Site "Pardubice CZE"]
[Date "2016.07.25"]
[Round "4.73"]
[White "Mueller, Constantin"]
[Black "Lomasov, Semen"]
[Result "1/2-1/2"]
[BlackTitle "FM"]
[WhiteElo "2229"]
[BlackElo "2395"]
[WhiteFideId "24697630"]
[BlackFideId "24164879"]
[EventDate "2016.07.22"]

1. d4 Nf6 2. c4 e6 3. g3 c5 4. d5 exd5 5. cxd5 d6 6. Nc3 g6 7. Bg2 Bg7 8. Nf3
O-O 9. O-O Re8 10. Nd2 a6 11. a4 Nbd7 12. h3 Rb8 13. Nc4 Ne5 14. Na3 Nh5 15. e4
Bd7 16. a5 b5 17. axb6 Bb5 18. Naxb5 axb5 19. g4 Nf6 20. Nxb5 Qxb6 21. Na3 Qb3
22. Qxb3 Rxb3 23. Bf4 Nfd7 24. Bxe5 Nxe5 25. f4 Nd3 26. Nc4 Bd4+ 27. Kh2 Rb4 28.
Nxd6 Rd8 29. e5 Nxe5 30. fxe5 Bxe5+ 31. Kh1 Rxd6 32. Ra7 Rf4 33. Rxf4 Bxf4 34.
Bf1 Rxd5 35. Bc4 Rd4 36. b3 Kg7 37. Rxf7+ Kh6 38. Kg2 Be5 39. Kf3 Rd6 40. h4 g5
41. hxg5+ Kg6 42. Rf8 Rd7 43. Rg8+ Bg7 44. Rc8 Bd4 45. Kf4 Re7 46. Rg8+ Rg7 47.
Re8 Rd7 48. Rg8+ Rg7 49. Bd3+ Kf7 50. Ra8 Ke7 51. Bc4 Bc3 52. Kf5 Bd2 53. Rg8
Rxg8 54. Bxg8 Kf8 55. Bxh7 1/2-1/2

[Event "27th Czech Open A 2016"]
[Site "Pardubice CZE"]
[Date "2016.07.25"]
[Round "4.74"]
[White "Khaetsky, Roman"]
[Black "Wehner, Janis"]
[Result "1-0"]
[WhiteTitle "IM"]
[WhiteElo "2385"]
[BlackElo "2210"]
[WhiteFideId "14106221"]
[BlackFideId "4693299"]
[EventDate "2016.07.22"]

1. e4 c5 2. Nc3 d6 3. f4 Nc6 4. Nf3 g6 5. Bc4 Bg7 6. O-O Nf6 7. d3 O-O 8. f5 e6
9. fxg6 fxg6 10. e5 Nxe5 11. Nxe5 dxe5 12. Bg5 Qd4+ 13. Kh1 Ng4 14. Ne4 Rxf1+
15. Qxf1 Ne3 16. Bxe3 Qxe3 17. Re1 Qf4 18. Nxc5 b6 19. Bxe6+ 1-0

[Event "27th Czech Open A 2016"]
[Site "Pardubice CZE"]
[Date "2016.07.25"]
[Round "4.75"]
[White "Chovan, Milan"]
[Black "Plischki, Sebastian"]
[Result "1/2-1/2"]
[WhiteTitle "FM"]
[BlackTitle "IM"]
[WhiteElo "2226"]
[BlackElo "2373"]
[WhiteFideId "14933691"]
[BlackFideId "4637143"]
[EventDate "2016.07.22"]

1. c4 e5 2. g3 Nf6 3. Bg2 c6 4. d4 Bb4+ 5. Bd2 Bxd2+ 6. Qxd2 d6 7. Nc3 O-O 8. e3
Be6 9. b3 Nbd7 10. Nge2 a5 11. O-O a4 12. d5 cxd5 13. cxd5 Bf5 14. Nxa4 b5 15.
Nac3 Qa5 16. e4 Bg6 17. f3 Nc5 18. b4 Qxb4 19. Rfb1 Qa5 20. Rxb5 Qa7 21. Kh1
Nfd7 22. g4 Nb6 23. Rb4 Rfc8 24. Rab1 Nba4 25. Nb5 Qe7 26. Na3 h5 27. h3 f6 28.
Nc4 1/2-1/2

[Event "27th Czech Open A 2016"]
[Site "Pardubice CZE"]
[Date "2016.07.25"]
[Round "4.76"]
[White "Seger, Ruediger"]
[Black "Jakubowska, Anna"]
[Result "1-0"]
[WhiteTitle "IM"]
[BlackTitle "WIM"]
[WhiteElo "2368"]
[BlackElo "2208"]
[WhiteFideId "4617274"]
[BlackFideId "1121952"]
[EventDate "2016.07.22"]

1. e4 c5 2. b3 Nc6 3. Bb2 d6 4. Bb5 Bd7 5. f4 Nf6 6. Nc3 a6 7. Bxc6 Bxc6 8. d3
e6 9. Nf3 Be7 10. O-O h5 11. Qe2 Qc7 12. Ng5 Ng4 13. h3 Bxg5 14. fxg5 Ne5 15.
Nb1 O-O-O 16. Nd2 Qe7 17. Bxe5 dxe5 18. Nf3 f6 19. h4 Rhf8 20. Qe3 Kb8 21. a3
Qd6 22. Rae1 Rde8 23. Rf2 Kc8 24. Ref1 f5 25. Nd2 g6 26. Nc4 Qe7 27. Nxe5 Rg8
28. Nxc6 bxc6 29. e5 Rd8 30. Rf4 Rd5 31. Rc4 Rgd8 32. Rff4 Rd4 33. b4 Rxf4 34.
Rxf4 cxb4 35. axb4 Kb7 36. Rd4 Rd5 37. Rxd5 cxd5 38. Qd4 Qc7 39. c4 dxc4 40.
dxc4 Qc6 41. c5 Qb5 42. Qd6 Qc4 43. Qb6+ Kc8 44. Qc6+ Kb8 45. Qd6+ Ka7 46. g3
Qc1+ 47. Kg2 Qc2+ 48. Kh3 Qc4 49. Qd7+ Ka8 50. Qd2 Qg4+ 51. Kh2 Qc4 52. Kg1 Kb7
53. Qg2+ Kb8 54. c6 1-0

[Event "27th Czech Open A 2016"]
[Site "Pardubice CZE"]
[Date "2016.07.25"]
[Round "4.77"]
[White "Obsivac, Josef"]
[Black "Urban, Lars"]
[Result "1-0"]
[WhiteTitle "FM"]
[WhiteElo "2365"]
[BlackElo "2205"]
[WhiteFideId "303690"]
[BlackFideId "4644034"]
[EventDate "2016.07.22"]

1. d4 e6 2. c4 Nf6 3. Nf3 d5 4. Nc3 Nbd7 5. Bg5 Bb4 6. cxd5 exd5 7. Rc1 O-O 8.
e3 c5 9. dxc5 Qa5 10. a3 Bxc3+ 11. Rxc3 Ne4 12. b4 Nxc3 13. Qa1 Qa4 14. Qxc3 a5
15. b5 Nxc5 16. Qxc5 Be6 17. Qd4 Qxa3 18. Be2 Rfc8 19. O-O a4 20. Qd2 Bg4 21. h3
Bxf3 22. Bxf3 Qc5 23. Bxd5 Qxb5 24. Qa2 Ra5 25. e4 Qd7 26. Rb1 b5 27. Qb2 a3 28.
Qb4 Ra4 29. Qb3 h6 30. Be3 Rc7 31. Bf4 Rca7 32. Be5 a2 33. Ra1 Qe7 34. Qc3 Qf8
35. Qc2 Qe7 36. Bb8 R7a6 37. Rxa2 Rxa2 38. Bxa2 Qa3 39. Qc8+ Kh7 40. Bxf7 Qa1+
41. Kh2 h5 42. Bf4 Ra8 43. Qf5+ 1-0

[Event "27th Czech Open A 2016"]
[Site "Pardubice CZE"]
[Date "2016.07.25"]
[Round "4.78"]
[White "Poulopoulos, Ioannis"]
[Black "Erenberg, Ariel"]
[Result "0-1"]
[BlackTitle "FM"]
[WhiteElo "2212"]
[BlackElo "2359"]
[WhiteFideId "4218078"]
[BlackFideId "2811634"]
[EventDate "2016.07.22"]

1. d4 Nf6 2. c4 e6 3. g3 d5 4. Bg2 Be7 5. Nf3 O-O 6. O-O dxc4 7. Qc2 c6 8. a4 b6
9. Nbd2 Bb7 10. Nxc4 Nbd7 11. Rd1 Rc8 12. Nfe5 Nd5 13. Qb3 Ba6 14. e4 N5f6 15.
Bg5 h6 16. Bxf6 Nxf6 17. Rac1 Qc7 18. Nxf7 Bxc4 19. Nxh6+ gxh6 20. Qxc4 Qd7 21.
Bh3 Kf7 22. Qe2 Kg7 23. d5 cxd5 24. Rxc8 Rxc8 25. exd5 Qxa4 26. Re1 Rc2 27. Qxe6
Bc5 28. Kh1 Rxf2 29. Bf5 Qc4 0-1

[Event "27th Czech Open A 2016"]
[Site "Pardubice CZE"]
[Date "2016.07.25"]
[Round "4.79"]
[White "Wenninger, Philipp"]
[Black "Martinkus, Rolandas"]
[Result "1/2-1/2"]
[BlackTitle "FM"]
[WhiteElo "2356"]
[BlackElo "2172"]
[WhiteFideId "4648404"]
[BlackFideId "12800481"]
[EventDate "2016.07.22"]

1. d4 d6 2. e4 Nf6 3. Nc3 Nbd7 4. Nf3 e5 5. Bc4 Be7 6. O-O O-O 7. Re1 c6 8. a4
a5 9. h3 Qb6 10. Be3 exd4 11. Nxd4 Nc5 12. Nb3 Qb4 13. Qe2 Nfd7 14. Na2 Qb6 15.
Nac1 Ne5 16. Nxc5 dxc5 17. Bb3 Qc7 18. f4 Ng6 19. e5 b5 20. c4 bxa4 21. Bxa4 f6
22. exf6 Bxf6 23. Nd3 Bf5 24. Bxc5 Rfd8 25. Nf2 Qxf4 26. Bxc6 Rac8 27. Be3 Qg3
28. Nh1 Qe5 29. Bf3 Bd3 30. Qf2 Bxc4 31. Bb6 Qxb2 32. Bxd8 Qxf2+ 33. Nxf2 Bxa1
34. Bxa5 Bf6 35. Bb6 Bf7 36. Ne4 Bh4 37. g3 Be7 38. Bg2 h6 39. Ra1 Bf8 40. Bf2
Ne5 41. g4 Nd3 42. Be3 Re8 43. Rd1 Nb2 44. Rd4 Nc4 45. Bf4 Be7 46. Kh2 Rd8 47.
Rxd8+ Bxd8 48. Bg3 Bf6 1/2-1/2

[Event "27th Czech Open A 2016"]
[Site "Pardubice CZE"]
[Date "2016.07.25"]
[Round "4.80"]
[White "Hansen, Mads"]
[Black "Kulkarni, Vinayak"]
[Result "1-0"]
[WhiteTitle "FM"]
[WhiteElo "2353"]
[BlackElo "2168"]
[WhiteFideId "1401610"]
[BlackFideId "5021332"]
[EventDate "2016.07.22"]

1. e4 c5 2. Nf3 Nc6 3. Bb5 e6 4. Bxc6 bxc6 5. b3 d5 6. Nc3 Ne7 7. O-O Ng6 8. Re1
Be7 9. d3 O-O 10. Ba3 e5 11. h3 f6 12. Qd2 Be6 13. Na4 Nf4 14. Bxc5 Qe8 15. Bxe7
Qg6 16. g3 Nxh3+ 17. Kf1 Rf7 18. Bc5 Qh5 19. Nh4 Ng5 20. f3 Nxf3 21. Nxf3 Qxf3+
22. Qf2 Qh5 23. Kg1 f5 24. Qh2 Qg6 25. exd5 Bxd5 26. Nc3 f4 27. Nxd5 cxd5 28.
Rxe5 Qc6 29. d4 Qg6 30. Rae1 h6 31. Qg2 f3 32. Qf2 h5 33. Be7 Re8 34. Bh4 Rc8
35. Re8+ Rxe8 36. Rxe8+ Kh7 37. Re5 Rf5 38. Rxf5 Qxf5 39. Qd2 a5 40. Qd3 1-0

[Event "27th Czech Open A 2016"]
[Site "Pardubice CZE"]
[Date "2016.07.25"]
[Round "4.81"]
[White "Varitski, Igor"]
[Black "Sanders, Isaac B"]
[Result "1/2-1/2"]
[WhiteTitle "IM"]
[BlackTitle "FM"]
[WhiteElo "2208"]
[BlackElo "2352"]
[WhiteFideId "14102862"]
[BlackFideId "417661"]
[EventDate "2016.07.22"]

1. e4 c6 2. d4 d5 3. Nd2 dxe4 4. Nxe4 Nf6 5. Nxf6+ gxf6 6. Qd3 Bg4 7. Be2 Bxe2
8. Nxe2 e6 9. Bf4 Qa5+ 10. Bd2 Qc7 11. Bf4 Bd6 12. Bxd6 Qxd6 13. O-O-O Na6 14.
Qf3 Qe7 15. Ng3 O-O-O 16. Rhe1 Rhg8 17. Re3 Nb4 18. Ra3 Kb8 19. Rb3 f5 20. Kb1
Nd5 21. c4 Nb6 22. Qe2 Qc7 23. Qf1 Rg4 24. c5 Nd5 25. h3 Rgg8 26. Ne2 Nf6 27. g3
Rd7 28. f3 Rgd8 29. Rc1 Nd5 30. f4 Nf6 31. Qe1 Ne4 32. a3 Rg8 33. Rc4 Ka8 34.
Ka2 h5 35. Rcb4 Qa5 36. h4 Rgd8 37. Qc1 Qa6 38. Qe3 Qa5 39. Nc3 Nxc3+ 40. bxc3
Qa6 41. Rb1 1/2-1/2

[Event "27th Czech Open A 2016"]
[Site "Pardubice CZE"]
[Date "2016.07.25"]
[Round "4.82"]
[White "Sylvan, Jacob"]
[Black "Horacek, Michal"]
[Result "1-0"]
[WhiteTitle "FM"]
[WhiteElo "2342"]
[BlackElo "2128"]
[WhiteFideId "1402137"]
[BlackFideId "332526"]
[EventDate "2016.07.22"]

1. e4 e5 2. Nf3 Nc6 3. Bb5 a6 4. Ba4 Nf6 5. O-O Be7 6. Re1 b5 7. Bb3 O-O 8. d3
d6 9. c3 Na5 10. Bc2 c5 11. Nbd2 Nc6 12. Nf1 Re8 13. Ng3 Bf8 14. h3 g6 15. d4
cxd4 16. cxd4 Bb7 17. d5 Nb4 18. Bb1 a5 19. Qe2 Qd7 20. a3 Na6 21. Bd3 Nc7 22.
Bd2 Reb8 23. Rec1 Nfe8 24. Rc2 b4 25. axb4 axb4 26. Rxa8 Bxa8 27. b3 Ng7 28. Ra2
f5 29. Ra7 Qc8 30. Bc4 Nge8 31. exf5 gxf5 32. Ng5 Nf6 33. Nh5 Nce8 34. Ne6 Bxd5
35. Nxf6+ Nxf6 36. Bxd5 Nxd5 37. Nxf8 Kxf8 38. Bh6+ Kg8 39. Qd3 Qe6 40. Qg3+ 1-0

[Event "27th Czech Open A 2016"]
[Site "Pardubice CZE"]
[Date "2016.07.25"]
[Round "4.83"]
[White "Thakur, Akash"]
[Black "Lkhamsuren, Uuganbayar"]
[Result "1-0"]
[WhiteTitle "FM"]
[BlackTitle "WIM"]
[WhiteElo "2339"]
[BlackElo "2123"]
[WhiteFideId "5008514"]
[BlackFideId "4901347"]
[EventDate "2016.07.22"]

1. d4 Nf6 2. Nf3 d5 3. Bf4 e6 4. e3 c5 5. c3 Nc6 6. Nbd2 Bd6 7. Bxd6 Qxd6 8. Bb5
O-O 9. O-O Nd7 10. e4 cxd4 11. cxd4 Qb4 12. Qb3 Qxb3 13. axb3 Nb4 14. Ra4 dxe4
15. Ne5 Nxe5 16. dxe5 e3 17. fxe3 Nd5 18. Rf3 a6 19. Bd3 Bd7 20. Rh4 h6 21. Bc4
Bb5 22. Ne4 Bxc4 23. bxc4 Ne7 24. Nd6 Ng6 25. Re4 b6 26. Rf2 Rad8 27. Rd2 Rd7
28. Rdd4 Rc7 29. b4 Ne7 30. Rd2 Rd8 31. Ra2 Ra8 32. h4 Nc6 33. b5 Nb4 34. Rb2 a5
35. Rd4 Rb8 36. Kh2 Rc5 37. Rf2 Rxe5 38. Rxf7 Nc2 39. Rg4 g5 40. hxg5 Nxe3 41.
Rgf4 hxg5 42. Rf3 Rd8 43. c5 Rxc5 44. Nb7 Rcd5 45. Nxd8 Rxd8 46. Rb7 Nd5 47.
Rff7 Rc8 48. Kg3 Rc5 49. Kg4 Rxb5 50. Kh5 Nf4+ 51. Kh6 Rc5 52. Rg7+ 1-0

[Event "27th Czech Open A 2016"]
[Site "Pardubice CZE"]
[Date "2016.07.25"]
[Round "4.84"]
[White "Petr, Jan1"]
[Black "Kulon, Klaudia"]
[Result "0-1"]
[BlackTitle "WGM"]
[WhiteElo "2173"]
[BlackElo "2334"]
[WhiteFideId "305154"]
[BlackFideId "1131044"]
[EventDate "2016.07.22"]

1. e4 e5 2. Nf3 Nc6 3. Nc3 Nf6 4. a3 g6 5. Bb5 Bg7 6. d3 d6 7. Bg5 h6 8. Bh4 a6
9. Bc4 g5 10. Bg3 O-O 11. h3 Ne7 12. Qd2 c6 13. Bb3 b5 14. O-O Be6 15. d4 exd4
16. Nxd4 Bxb3 17. Nxb3 d5 18. Rad1 dxe4 19. Qe2 Ned5 20. Nd4 Nxc3 21. bxc3 Qc8
22. f4 g4 23. f5 gxh3 24. gxh3 Kh7 25. Kh2 Rg8 26. c4 Ra7 27. c5 Re7 28. Bd6
Ree8 29. c4 e3 30. Rf3 bxc4 31. Rxe3 Nd5 32. Rxe8 Rxe8 33. Qh5 Qb7 34. f6 Nxf6
35. Qf5+ Kh8 36. Rb1 Qd7 37. Qf3 Ne4 38. Nf5 Ng5 39. Qf1 Qe6 40. Nxg7 Qe2+ 41.
Qxe2 Rxe2+ 42. Kg3 Kxg7 43. h4 Ne6 44. Rc1 Re4 45. Rd1 f5 46. a4 Kf6 47. a5 c3 0-1

[Event "27th Czech Open A 2016"]
[Site "Pardubice CZE"]
[Date "2016.07.25"]
[Round "4.85"]
[White "Vyskocil, Neklan"]
[Black "Majer, Jiri Sr"]
[Result "1-0"]
[WhiteTitle "IM"]
[WhiteElo "2323"]
[BlackElo "2090"]
[WhiteFideId "307106"]
[BlackFideId "314978"]
[EventDate "2016.07.22"]

1. e4 d6 2. d4 Nf6 3. Nc3 e5 4. Nf3 Nbd7 5. g4 Nxg4 6. Rg1 Ngf6 7. Bc4 Nb6 8.
Bb3 Be6 9. Bxe6 fxe6 10. dxe5 dxe5 11. Qe2 Qe7 12. Nxe5 O-O-O 13. Bd2 Rd4 14.
Nf3 Rd7 15. e5 Nfd5 16. Ne4 Nb4 17. Nd6+ cxd6 18. Bxb4 Qf7 19. O-O-O d5 20. Bc3
Bc5 21. Bd4 Rc7 22. Kb1 Rf8 23. Rg3 h6 24. b3 g5 25. h3 Qf4 26. Bxc5 Rxc5 27.
Rd4 Qf5 28. Rd2 Nd7 29. Nd4 Qg6 30. Qg4 Re8 31. Re2 a6 32. h4 Nf8 33. hxg5 hxg5
34. Qxg5 Qxg5 35. Rxg5 Rc7 36. f3 Rf7 37. Rh2 Kd7 38. Kc1 Ke7 39. Rh6 Kd7 40.
Kd2 Ree7 41. Rg8 Rh7 42. Rf6 Rh2+ 43. Ke3 Nh7 44. Rfg6 Rh3 45. R8g7 Rh5 46. Kf2
Rh2+ 47. Kg3 Rd2 48. Rxe7+ Kxe7 49. Rg7+ Ke8 50. Nxe6 Nf8 51. Nxf8 Kxf8 52. Rc7 1-0